000 00311nam a22001337a 4500
008 181016b xxu||||| |||| 00| 0 eng d
020 _a9780323049665
041 _aeng
080 _213th
_a611
100 _a6
101 _aANA
245 _aStructure & Function of the Body
_cThibodeau,G.A
942 _2udc
_cBK
999 _c49879
_d49879